Statistics for Carlton Blues Best and Fairest Winners

Click here to take the quiz!

General Stats

  • This quiz has been taken 51 times
    (31 since last reset)
  • The average score is 28 of 93

Answer Stats

HintAnswer% Correct
2022Patrick Cripps
92%
2019Patrick Cripps
92%
2018Patrick Cripps
92%
2015Patrick Cripps
92%
2008Chris Judd
85%
2009Chris Judd
85%
2010Chris Judd
85%
2021Sam Walsh
85%
1994Greg Williams
69%
2011Marc Murphy
69%
2017Marc Murphy
69%
1968Sergio Silvagni
69%
1962Sergio Silvagni
69%
1990Stephen Silvagni
69%
1996Stephen Silvagni
69%
2003Andrew McKay
62%
2014Bryce Gibbs
62%
1987Stephen Kernahan
62%
1989Stephen Kernahan
62%
1992Stephen Kernahan
62%
1984Bruce Doull
54%
1980Bruce Doull
54%
1977Bruce Doull
54%
1974Bruce Doull
54%
2020Jacob Weitering
54%
2016Sam Docherty
54%
2005Anthony Koutoufides
46%
2001Anthony Koutoufides
46%
1975Alex Jesaulenko
38%
1967John Nicholls
38%
1965John Nicholls
38%
1963John Nicholls
38%
1959John Nicholls
38%
1966John Nicholls
38%
1985Justin Madden
38%
1991Justin Madden
38%
2013Kade Simpson
38%
2006Lance Whitnall
38%
2007Andrew Carrazzo
31%
1998Fraser Brown
31%
2000Scott Camporeale
31%
1997Brett Ratten
23%
2000Brett Ratten
23%
1995Brett Ratten
23%
1988Craig Bradley
23%
1993Craig Bradley
23%
1986Craig Bradley
23%
1961John James
23%
1960John James
23%
1955John James
23%
1981Ken Hunter
23%
1986Wayne Johnston
23%
1983Wayne Johnston
23%
1947Bert Deacon
15%
1979Mike Fitzpatrick
15%
1973Peter Jones
15%
1941Bob Chitty
8%
1944Bob Chitty
8%
2004David Teague
8%
1969Garry Crane
8%
1971Geoff Southby
8%
1972Geoff Southby
8%
1964Gordon Collis
8%
2012Heath Scotland
8%
1982James Buckley
8%
1999Matthew Allan
8%
1978Trevor Keogh
8%
1976Trevor Keogh
8%
1970Adrian Gallagher
0%
1936Ansell Clarke
0%
1950Arthur Hodgson
0%
1954Bill Milroy
0%
1958Bruce Comben
0%
1957Bruce Comben
0%
2002Corey McKernan
0%
1937Don McIntyre
0%
1956Doug Beasy
0%
1949Ern Henfry
0%
1947Ern Henfry
0%
1939Frank Gill
0%
1943George Gneil
0%
1929Horrie Clover
0%
1948Jack Howell
0%
1946Jack Howell
0%
1951Jim Clark
0%
1940Jim Francis
0%
1935Jim Francis
0%
1942Jim Mooring
0%
1953Ken Hands
0%
1938Mickey Crisp
0%
1934Mickey Crisp
0%
1952Ollie Grieve
0%
1945Ron Savage
0%

Score Distribution

Percentile by Number Answered

Percent of People with Each Score

Your Score History

You have not taken this quiz since the last reset